000 01535nam2a2200301 4500
001 rc\2830568
005 20260315045111.0
035 _a(NLR Aleph) 006988538
090 _a13571681
_c13571681
100 _a20110625d1928 u y0rusy50 ca
101 1 _arus
_cfre
102 _aRU
105 _ac z |||||
200 1 _aДеньги
_eРоман
_eФотопортр. Э. Золя
_fПер. с фр. М.А. Энгельгардта
_gРед. Б.В. Горнунга и Д.С. Усова
_gСтатья и примеч. М. Д. Эйхенгольца
210 _d1928
215 _a504 с., 1 л. портр.
_cпортр.
461 0 _1001rc\2830553
_12000#$aПолное собрание сочинений$eСо статьями, примеч. и иконографией$fЭмиль Золя$gПод общ. ред. М.Д. Эйхенгольца$vТ. 18
_1700#1$aЗоля$bЭ.$gЭмиль$f1840-1902$3RU\NLR\AUTH\771440
_95603144
_aЗоля, Э. (1840-1902)
_cМосква
_d1931
_fЭмиль Золя
_nОгиз
_oСо статьями, примеч. и иконографией
_tПолное собрание сочинений
_vТ. 18
702 1 _aЭнгельгардт
_bМ.А.
_4730
702 1 _aГорнунг
_bБ.В.
_4340
702 1 _aУсов
_bД.С.
_4340
702 1 _aЭйхенгольц
_bМ.Д.
_f1889-1953
_gМарк Давидович
_4212
801 0 _aRU
_bNLR
_gpsbo
801 1 _aRU
_bELAR
_2rusmarc
852 _aNLR
_j46/184(18)
852 _aNLR
_jЛ60 В-3/116(18)
942 _cUNSPEC
980 _aNB